书目信息 |
| 题名: |
机械振动学:测试与分析
|
|
| 作者: | 孙月明 , 唐任仲 编 | |
| 分册: | ||
| 出版信息: | 杭州 浙江大学出版社 1991.11 |
|
| 页数: | 360页 | |
| 开本: | 32开 | |
| 丛书名: | ||
| 单 册: | ||
| 中图分类: | O329 | |
| 科图分类: | ||
| 主题词: | 振动理论 | |
| 电子资源: | ||
| ISBN: | 7-308-00788-X | |
| 000 | 00610nam0 2200205 45 | |
| 001 | 0010081635 | |
| 005 | 20001008161024.3 | |
| 010 | @a7-308-00788-X@d6.80元 | |
| 100 | @a20001008d1991 km y0chiy0120 ea | |
| 101 | 0 | @achi |
| 105 | @a z 000yy | |
| 200 | 1 | @a机械振动学:测试与分析@AJi Xie Zhen Dong Xue:Ce Shi Yu Fen Xi@f孙月明,唐任仲编@FSun Yue Ming,Tang Ren Zhong Bian |
| 210 | @a杭州@c浙江大学出版社@d1991.11 | |
| 215 | @a360页@d32开 | |
| 606 | 0 | @a振动理论 |
| 690 | @aO329@v3 | |
| 701 | 0 | @a孙月明@4编 |
| 701 | 0 | @a唐任仲@4编 |
| 801 | @aCN@bPftUser@c20001008 | |
| 905 | @b172886-895@dO329@eSH543@f10 | |
| 机械振动学:测试与分析/孙月明,唐任仲编.-杭州:浙江大学出版社,1991.11 |
| 360页;32开 |
| ISBN 7-308-00788-X:6.80元 |
| ● |
| 相关链接 |
|
|
|
正题名:机械振动学:测试与分析
索取号:O329/SH543
 
预约/预借
| 序号 | 登录号 | 条形码 | 馆藏地/架位号 | 状态 | 备注 |
| 1 | 172886 | 201728862 | 自科二线504/504自科库 50排6列6层/ [索取号:O329/SH543] | 在馆 | |
| 2 | 172887 | 201728871 | 自科二线504/504自科库 48排3列2层/ [索取号:O329/SH543] | 在馆 | |
| 3 | 172888 | 201728880 | 自科二线504/504自科库 48排3列2层/ [索取号:O329/SH543] | 在馆 | |
| 4 | 172889 | 201728899 | 自科二线504/504自科库 50排6列6层/ [索取号:O329/SH543] | 在馆 | |
| 5 | 172890 | 201728906 | 自科二线504/504自科库 48排4列2层/ [索取号:O329/SH543] | 在馆 | |
| 6 | 172891 | 201728915 | 自科二线504/504自科库 36排2列6层/ [索取号:O329/SH543] | 在馆 | |
| 7 | 172892 | 201728924 | 自科二线504/401自科库 52排3列1层/ [索取号:O329/SH543] | 在馆 | |
| 8 | 172893 | 201728933 | 自科二线504/504自科库 48排3列2层/ [索取号:O329/SH543] | 在馆 | |
| 9 | 172894 | 201728942 | 自科二线504/504自科库 48排3列2层/ [索取号:O329/SH543] | 在馆 | |
| 10 | 172895 | 201728951 | 自科二线504/504自科库 48排3列2层/ [索取号:O329/SH543] | 在馆 |